Znajdź zagadkową flagę państwa według wskazówek #1 - Statystyki

Ogólne statystyki
  • Ten quiz został rozwiązany 338 razy
  • Średni wynik to 15 z 196
Odpowiedzi na mapie
Odpowiedzi zakodowano w zielono-czerwonej skali na mapie do tego quizu, zgodnie z poniższymi procentami.
 
Statystyki odpowiedzi
Państwo % Poprawnych
Polska
81%
Rosja
62%
Stany Zjednoczone
55%
Niemcy
40%
Brazylia
36%
Chiny
31%
Francja
27%
Kanada
26%
Australia
21%
Hiszpania
21%
Republika Południowej Afryki
20%
Egipt
18%
Indie
18%
Demokratyczna Republika Konga
17%
Meksyk
16%
Mali
13%
Ukraina
13%
Włochy
13%
Czad
12%
Kenia
12%
Libia
12%
Belgia
11%
Ghana
11%
Japonia
11%
Niger
11%
Senegal
11%
Seszele
11%
Angola
10%
Gwinea
10%
Kolumbia
10%
Kongo
10%
Uganda
10%
Zambia
10%
Argentyna
9%
Indonezja
9%
Jamajka
9%
Rumunia
9%
Sudan
9%
Wietnam
9%
Algieria
8%
Kamerun
8%
Mozambik
8%
Nigeria
8%
Portugalia
8%
Republika Środkowoafrykańska
8%
Tanzania
8%
Arabia Saudyjska
7%
Austria
7%
Boliwia
7%
Etiopia
7%
Iran
7%
Litwa
7%
Somalia
7%
Węgry
7%
Afganistan
6%
Armenia
6%
Bangladesz
6%
Belize
6%
Białoruś
6%
Bułgaria
6%
Chile
6%
Dania
6%
Ekwador
6%
Estonia
6%
Grecja
6%
Gruzja
6%
Gwinea Bissau
6%
Holandia
6%
Irak
6%
Irlandia
6%
Jemen
6%
Kazachstan
6%
Lesotho
6%
Liberia
6%
Malawi
6%
Maroko
6%
Mauretania
6%
Monako
6%
Mongolia
6%
Namibia
6%
Oman
6%
Peru
6%
Syria
6%
Szwecja
6%
Togo
6%
Wielka Brytania
6%
Wybrzeże Kości Słoniowej
6%
Zimbabwe
6%
Zjednoczone Emiraty Arabskie
6%
Albania
5%
Andora
5%
Bhutan
5%
Burkina Faso
5%
Czarnogóra
5%
Dżibuti
5%
Finlandia
5%
Gabon
5%
Gambia
5%
Jordania
5%
Kirgistan
5%
Macedonia Północna
5%
Madagaskar
5%
Malezja
5%
Malta
5%
Mauritius
5%
Norwegia
5%
Nowa Zelandia
5%
Papua-Nowa Gwinea
5%
Rwanda
5%
Samoa
5%
Słowacja
5%
Słowenia
5%
Szwajcaria
5%
Tajlandia
5%
Tunezja
5%
Turcja
5%
Antigua i Barbuda
4%
Azerbejdżan
4%
Bahamy
4%
Bahrajn
4%
Barbados
4%
Benin
4%
Bośnia i Hercegowina
4%
Botswana
4%
Brunei
4%
Burundi
4%
Chorwacja
4%
Cypr
4%
Czechy
4%
Dominika
4%
Dominikana
4%
Erytrea
4%
Eswatini
4%
Fidżi
4%
Filipiny
4%
Grenada
4%
Gujana
4%
Gwatemala
4%
Gwinea Równikowa
4%
Haiti
4%
Honduras
4%
Islandia
4%
Izrael
4%
Kambodża
4%
Katar
4%
Kiribati
4%
Komory
4%
Korea Północna
4%
Korea Południowa
4%
Kosowo
4%
Kostaryka
4%
Kuba
4%
Kuwejt
4%
Laos
4%
Liban
4%
Liechtenstein
4%
Łotwa
4%
Luksemburg
4%
Malediwy
4%
Mikronezja
4%
Mjanma
4%
Mołdawia
4%
Nauru
4%
Nepal
4%
Nikaragua
4%
Pakistan
4%
Palau
4%
Panama
4%
Paragwaj
4%
Republika Zielonego Przylądka
4%
Saint Kitts i Nevis
4%
Saint Lucia
4%
Saint Vincent i Grenadyny
4%
Salwador
4%
San Marino
4%
Serbia
4%
Sierra Leone
4%
Singapur
4%
Sri Lanka
4%
Sudan Południowy
4%
Surinam
4%
Tadżykistan
4%
Tajwan
4%
Timor Wschodni
4%
Tonga
4%
Trynidad i Tobago
4%
Turkmenistan
4%
Tuvalu
4%
Urugwaj
4%
Uzbekistan
4%
Vanuatu
4%
Watykan
4%
Wenezuela
4%
Wyspy Marshalla
4%
Wyspy Salomona
4%
Wyspy Świętego Tomasza i Książeca
4%
Nie znaleziono quizów pasujących do podanych kryteriów
Rozkład punktacji
Procent ludzi z każdym wynikiem
Percentyl według liczby udzielonych odpowiedzi
Twoja historia wyników
Nie rozwiązałeś tego quizu